000 00489pab a2200181 454500
008 180718b2005 xxu||||| |||| 00| 0 eng d
100 _aSingh, S.N.
245 _aEducational empowerment of weaker sections in India: the present scenario
260 _c2005
300 _ap.55-65.
362 _a21 Nov
650 _aEducation - India
650 _aScheduled castes
650 _aBackward classes - India
650 _aBackward classes
773 _aUniversity News
909 _a67830
999 _c67830
_d67830